Oser les changements en Afrique : cas du Centrafrique /
Malgré toutes les richesses naturelles dont elle dispose, l'Afrique vit à la périphérie des évolutions technologiques et l'élite africaine, particulièrement centrafricaine, doit se remettre en cause. Elle doit revoir son système éducatif et adapter sa méthode politique. Elle doit s'en...
Saved in:
| Main Author: | |
|---|---|
| Format: | Book |
| Language: | French |
| Published: |
Paris :
Harmattan,
c2008.
|
| Series: | Collection Points de vue.
|
| Subjects: | |
| Tags: |
Add Tag
No Tags, Be the first to tag this record!
|
| LEADER | 01689cam a2200373Ia 4500 | ||
|---|---|---|---|
| 001 | 011596393-6 | ||
| 005 | 20141001072159.0 | ||
| 008 | 080930s2008 fr a b 000 0 fre d | ||
| 020 | |a 9782296060586 | ||
| 020 | |a 2296060587 | ||
| 035 | 0 | |a ocn260224831 | |
| 040 | |a TZT |c TZT |d IUL | ||
| 043 | |a f------ | ||
| 050 | 4 | |a DT30.5 |b .M28 2008 | |
| 072 | 7 | |a DT |2 lcco | |
| 082 | 1 | 4 | |a 960 |2 1 |
| 100 | 1 | |a Mara, Jean-Pierre. | |
| 245 | 1 | 0 | |a Oser les changements en Afrique : |b cas du Centrafrique / |c Jean-Pierre Mara. |
| 260 | |a Paris : |b Harmattan, |c c2008. | ||
| 300 | |a 148 p. : |b ill. ; |c 24 cm. | ||
| 490 | 1 | |a Points de vue | |
| 504 | |a Includes bibliographical references. | ||
| 520 | |a Malgré toutes les richesses naturelles dont elle dispose, l'Afrique vit à la périphérie des évolutions technologiques et l'élite africaine, particulièrement centrafricaine, doit se remettre en cause. Elle doit revoir son système éducatif et adapter sa méthode politique. Elle doit s'engager vers le changement de son mode d'appréhension et de compréhension et utiliser ses forces pour trouver ce qui permettra de faciliter le décollage économique de l'Afrique. | ||
| 651 | 0 | |a Africa |x Economic conditions |y 1960- | |
| 651 | 0 | |a Africa |x Politics and government |y 1960- | |
| 651 | 0 | |a Africa |x Social conditions |y 1960- | |
| 653 | |a Central Africa |a Contemporary Socio-Economic and Political History | ||
| 651 | 0 | |a Africa, Central |x Economic conditions |y 1960- | |
| 651 | 0 | |a Africa, Central |x Politics and government |y 1960- | |
| 651 | 0 | |a Africa, Central |x Social conditions |y 20th century. | |
| 730 | 0 | |a Harmatheque. |5 net | |
| 830 | 0 | |a Collection Points de vue. | |
| 988 | |a 20081027 | ||
| 906 | |0 OCLC | ||


